000 00692nam a22002177a 4500
003 UA-OsUOA
001 55746
007 ta
008 20080919b un ||||| |||| 00| 0 ukr d
100 _aСлюсаренко О.О.
090 _a330
_bС49
942 _cSA
040 _aUA-OsUOA
_bukr
_cUA-OsUOA
_dUA-OsUOA
245 _aСучасні тенденції й технології розвитку туристичного сегмента страхового ринку України
300 _aС.121-1263
955 _a0
041 _aukr
080 _a330
773 0 _w55735
_tФінанси України
_dК.
_d2008
_g3
650 7 _a330 Економіка взагалі
_2UDC
999 _c341825
_d341825